01083 a2200217 45000010006000000050017000060080041000230030015000640400040000790800073001192450042001920200022002342640028002563000019002845050347003030410008006501000023006587000030006817000024007118560130007352369320260407155523.0260407a2002 arg spa dAR-UNSa-BCEJYS aAR-UNSa-BCEJYSbspacAR-UNSa-BCEJYS a658.3xPersonal. Relaciones humanas en la empresa (Recursos Humanos)10aGestión administrativa del personal a978-84-9732-089-4 1aMadrid :bThomsonc2002 a239 p.c30 cm. a1. El departamento de personal en la empresa - 2. introducción al derecho del trabajo - 3. El contrato de trabajo - 4. Tipos de contrato - 5. La seguridad social - 6. El salario - 7. La participación de los trabajadores en la empresa - 8. Modificación, suspensión del contrato y extinción del contrato de trabajo - 9. Simulación.  aspa1 aEna Ventura, Belen1 aDelgando Gonzalez, Susana1 aEna Ventura, Teresa41uhttps://biblioeco.unsa.edu.ar/pmb/images/libros/Gestion administrativa de personal-l116388.jpgyImagen de portadaqimage/jpeg